<?xml version="1.0" encoding="UTF-8"?>
<record
    xmlns:xsi="http://www.w3.org/2001/XMLSchema-instance"
    xsi:schemaLocation="http://www.loc.gov/MARC21/slim http://www.loc.gov/standards/marcxml/schema/MARC21slim.xsd"
    xmlns="http://www.loc.gov/MARC21/slim">

  <leader>00791nam a2200193Ia 4500</leader>
  <controlfield tag="003">IN-BaIIA</controlfield>
  <controlfield tag="008">211028s9999    xx            000 0 eng d</controlfield>
  <datafield tag="020" ind1=" " ind2=" ">
    <subfield code="a">92-9092-716-X</subfield>
  </datafield>
  <datafield tag="040" ind1=" " ind2=" ">
    <subfield code="c">IIA Library</subfield>
  </datafield>
  <datafield tag="080" ind1=" " ind2=" ">
    <subfield code="a">520.6(082.2)</subfield>
    <subfield code="b">THE</subfield>
  </datafield>
  <datafield tag="111" ind1=" " ind2=" ">
    <subfield code="a">Liege International Astrophysics Colloquium</subfield>
    <subfield code="n">34th</subfield>
    <subfield code="c">Liege, Belgium</subfield>
    <subfield code="d">1998 June 15-18</subfield>
    <subfield code="9">25536</subfield>
  </datafield>
  <datafield tag="245" ind1=" " ind2="4">
    <subfield code="a">The Next generation space telescope</subfield>
    <subfield code="b">science drivers and technological challenges; proceedings of the 34th Liege International astrophysics colloquium held in Liege, Belgium, June 15-18, 1998</subfield>
    <subfield code="c">compiled by B. Kaldeich-Schurmann</subfield>
  </datafield>
  <datafield tag="260" ind1=" " ind2=" ">
    <subfield code="a">The Netherlands</subfield>
    <subfield code="b">European Space Agency</subfield>
    <subfield code="c">1998</subfield>
  </datafield>
  <datafield tag="300" ind1=" " ind2=" ">
    <subfield code="a">vi, 345p.</subfield>
  </datafield>
  <datafield tag="490" ind1=" " ind2=" ">
    <subfield code="a">SP-429</subfield>
  </datafield>
  <datafield tag="650" ind1=" " ind2=" ">
    <subfield code="a">Space telescope</subfield>
    <subfield code="9">12558</subfield>
  </datafield>
  <datafield tag="700" ind1=" " ind2=" ">
    <subfield code="a">Kaldeich-Schurmann, B., comp.</subfield>
    <subfield code="9">25537</subfield>
  </datafield>
  <datafield tag="942" ind1=" " ind2=" ">
    <subfield code="c">BK</subfield>
  </datafield>
  <datafield tag="999" ind1=" " ind2=" ">
    <subfield code="c">14403</subfield>
    <subfield code="d">14403</subfield>
  </datafield>
  <datafield tag="952" ind1=" " ind2=" ">
    <subfield code="0">0</subfield>
    <subfield code="1">0</subfield>
    <subfield code="4">0</subfield>
    <subfield code="7">0</subfield>
    <subfield code="a">BAN</subfield>
    <subfield code="b">BAN</subfield>
    <subfield code="c">GEN</subfield>
    <subfield code="d">2001-12-27</subfield>
    <subfield code="l">0</subfield>
    <subfield code="o">520.6(082.2)/ THE</subfield>
    <subfield code="p">15323</subfield>
    <subfield code="r">2021-11-05</subfield>
    <subfield code="w">2001-12-27</subfield>
    <subfield code="y">BK</subfield>
    <subfield code="G">&#x20AC; 35.00</subfield>
  </datafield>
</record>
